| 000 | 00354nam a2200145Ia 4500 | ||
|---|---|---|---|
| 100 | _aSchneider/ G. M./ Bruell/ S. C. | ||
| 942 | _cBK | ||
| 654 | _aSolving with pascal | ||
| 245 | _aAdanced Programming & Problems Solving with Pascal | ||
| 260 |
_bJohn wiley _aNew Yerk _c1981 |
||
| 082 | _a1.6424 | ||
| 300 | _a506 | ||
| 546 | _aENGLISH | ||
| 999 |
_c19609 _d19609 |
||